| 000 | 00474nam a2200181Ia 4500 | ||
|---|---|---|---|
| 005 | 20250326124224.0 | ||
| 008 | 250326s9999 xx 000 0 und d | ||
| 037 | _aTextbook | ||
| 040 |
_aFMSL _beng _cFMSL |
||
| 041 |
_aeng _2eng |
||
| 084 |
_aX:513.55 K7 _qFMSL |
||
| 100 |
_aHolscher E _9737017 |
||
| 245 | 0 |
_aGerman advertising art _cHolscher E |
|
| 260 |
_aUSA _bUSA _c1967 |
||
| 300 | _a160p | ||
| 942 |
_cTB _hX:513.55 K7 |
||
| 999 |
_c1272811 _d1272811 |
||